Регионална библиотека "Любен Каравелов" - Русе

Малка сюита (Запис номер 320671)

MARC детайли
000 -Лидер
Контролно поле с фиксирана дължина 01123ncm a2200337 c 4500
003 - Код на организацията, давaща контролен номер
Контролно поле BLK
005 - Дата и час на последна редакция
Контролно поле 20230801005254.0
008 - Елементи от данни с фиксирана дължина
fixed length control field 180414b bul |a|er|||| |0| c|bulo|
010 ## - Наследен системен номер
LC control number NOT00003699000
040 ## - Източник на каталожния запис
Идентификатор на билиотеката - собственик на записа BLK
041 ## - Код за език
Код за езика на текст/звукозапис или на отделно заглавие Български
Код за езика КДБФ Български
080 ## - УДК
Текстов определител УДК Цигулка, виолина, виола д'аморе
УДК код - определител по УДК 787.1
УДК определител
УДК - код + определител 787.1
139 ## - Редно поле
Редна дума Големинов, Марин Петров
Авторски знак Гол - Г 63
245 10 - Сведения за заглавието
Заглавие Малка сюита
Подзаглавни данни За соло цигулка
Редно поле (дума) Марин Петров Големинов.
246 11 - Различни форми на заглавието
Паралелно заглавие Petite suite
Подзаглавни данни Pour violon solo
250 ## - Област на изданието
Сведения за изданието 4. изд.
254 ## - Сведения за формата на нотното издание
Формат на описваните ноти Клавир
257 ## - Страна на издаване
Страна на създаване/издаване България
260 ## - Област на издателските данни
-- София
Име на издателя, разпространителя и проч. Наука и изкуство
Година на издаване 1974
300 ## - Физическа характеристика
Страници 8 с.
Размери/Мащаб 34 см
380 ## - Жанр
Жанр Изкуство
650 #4 - Допълнително описание по предмет – тема
Основно описание – тема или топоним Цигулка - пиеси, сюити, рапсодии
9 (RLIN) 353434
653 ## - Ключова дума – ненормативна
Ключова дума соло цигулка
653 ## - Ключова дума – ненормативна
Ключова дума сюити
852 ## - Местоположение
Форматна сигнатура Цб М ІІ 7158
Част 0
856 4# - Електронен адрес и достъп
Електронен формат pdf - файл
Път до файла /url/
856 4# - Електронен адрес и достъп
Електронен формат pdf - файл
Път до файла /url/
942 ## - АРТИКУЛИ
Вид на библиотечния материал Нотни издания
Скрит в OPAC Не
Koha issues (borrowed), all copies 1
944 ## - СЪЗДАВАНЕ И РЕДАКЦИЯ на ЗАПИСА
Създаване/Редакция Създаване
Дата на регистрацията/редакция 21.07.2016
Служител, извършил регистрацията/редакцията
Статус, дата на статуса CRON CRON
944 ## - СЪЗДАВАНЕ И РЕДАКЦИЯ на ЗАПИСА
Създаване/Редакция Редакция
Дата на регистрацията/редакция 21.07.2016
Служител, извършил регистрацията/редакцията Камелия_Данева
999 ## - СИСТЕМНИ КОНТРОЛНИ НОМЕРА
Koha biblionumber 320671
Koha biblioitemnumber 320671
Наличности
Код за отписване Код за изгубен артикул Източник на класификационната схема Код за повреда Коз за рестрикции Код за отдаване Артикулен № Име на библиотеката - собственик Име на библиотеката, в която се намира в момента Статус (Текущо местоположение) Дата на вписване в системата Местоположение - отдел Цена в лева Инвентарен номер Систематично азбучна сигнатура Баркод Номер на екземпляра Цена в евро Служебна бележка Служебен тип на артикула
  Не е изгубен Universal Decimal Classification Не е повреден само за читалня ползва се в читалня 673931 Регионална библиотека "Любен Каравелов" Русе Регионална библиотека "Любен Каравелов" Русе Хранилище 1974-01-01 Хранилище 0.70 177321 Цб М ІІ 7158 900000018814 1 0.36 Дост: Dp Вид: Д N: стар фонд Дата: 01.01.1974 Бележки инв: Камелия_Да Съставил: Камелия_Данева Нотни издания
  Не е изгубен Universal Decimal Classification Не е повреден без рестрикции заемане за дома 673932 Регионална библиотека "Любен Каравелов" Русе Регионална библиотека "Любен Каравелов" Русе Отдел Изкуство - подръчен фонд 1974-01-01 Отдел Изкуство - подръчен фонд 0.70 181457 787.1/Г 63 120000181457 2 0.36 Дост: Pk Вид: Ф N: стар фонд Дата: 01.01.1974 Бележки инв: Камелия_Да Съставил: Камелия_Данева Нотни издания
  Не е изгубен Universal Decimal Classification Не е повреден без рестрикции заемане за дома 673933 Регионална библиотека "Любен Каравелов" Русе Регионална библиотека "Любен Каравелов" Русе Отдел Изкуство - подръчен фонд 1974-01-01 Отдел Изкуство - подръчен фонд 0.70 181458 787.1/Г 63 120000181458 3 0.36 Дост: Pk Вид: Ф N: стар фонд Дата: 01.01.1974 Бележки инв: Камелия_Да Съставил: Камелия_Данева Нотни издания
Vip Innovations Ltd, Rousse, Bulgaria 2025